Countries Edgar Lungu has visited - Statistics

General Stats
  • This quiz has been taken 30 times
    22 since last reset
  • The average score is 18 of 22
Answer Stats
Continent Country % Correct
Africa Angola
100%
Europe France
100%
Africa Mozambique
100%
Africa Namibia
100%
North America United States of America
100%
Africa Botswana
88%
Asia China
88%
Europe Italy
88%
Africa Morocco
88%
Africa South Africa
88%
Africa Tanzania
88%
Africa Uganda
88%
Europe Vatican City
88%
Africa Zimbabwe
88%
Africa Ethiopia
75%
Africa Malawi
75%
Africa Ghana
63%
Africa Lesotho
63%
Africa Madagascar
63%
Asia Israel
50%
Africa Swaziland
50%
Africa Equatorial Guinea
38%
No matching quizzes found
Score Distribution
Percent of People with Each Score
Percentile by Number Answered
Your Score History
You have not taken this quiz since the last reset